| 000 | 00744nac a22002657a 4500 | ||
|---|---|---|---|
| 001 | BR6003624 | ||
| 003 | BR-BrBNA | ||
| 005 | 20240621140011.0 | ||
| 008 | 230509b bl.|||m| |||| 00| 0 por d | ||
| 040 |
_aBR-BrBNA _bpor |
||
| 072 | _aC00 | ||
| 090 |
_aC00 _bBR6003624 |
||
| 110 | 1 |
_aEscola de Agronomia do Maranhao, Sao Luis (Brasil) _94296 |
|
| 245 | 1 | _aRelatório de atividades 1971 / | |
| 260 | 3 |
_aSao Luis, MA (Brasil): _c1971. |
|
| 300 | _a40 p. | ||
| 490 | _aRelatorio - Escola de Agronomia do Maranhao (Brazil) | ||
| 650 | _aPROGRAMA EDUCACIONAL | ||
| 650 | _aCURSO | ||
| 650 | _aPESQUISA | ||
| 650 | _aENSINO | ||
| 650 | _aMARANHAO | ||
| 909 |
_a05/2024 _bSARAH |
||
| 942 | _cMS | ||
| 999 |
_c261742 _d261742 |
||